| 000 | 00985nam a2200289Ia 4500 | ||
|---|---|---|---|
| 001 | 26366 | ||
| 003 | 89246 | ||
| 005 | 20250212062607.0 | ||
| 008 | ||||||n9999 ||| || || | ||
| 041 | _aspa | ||
| 100 |
_aCuervo Martinez, Herminsul _935754 |
||
| 245 | 0 | _aComportamiento electoral en el municipio de Taminango | |
| 260 |
_aBogotá : _bEscuela Superior de Administración Pública - ESAP, _c1989. |
||
| 300 | _a45p | ||
| 500 | _aTESIS | ||
| 562 | _e1 | ||
| 650 | 0 |
_aAlcaldes _94859 |
|
| 650 |
_aANÁLISIS ESTADÍSTICO _935755 |
||
| 650 | 0 |
_aConcejos municipales _912688 |
|
| 650 |
_aELECCIÓN POPULAR DIRECTA _94873 |
||
| 650 |
_aESCUELA SUPERIOR DE ADMINISTRACIÓN PÚBLICA (NARIÑO – ALTO PUTUMAYO)--TESIS Y DISERTACIONES ACADÉMICAS _935650 |
||
| 650 | 0 |
_aParticipación política _93695 |
|
| 650 |
_aPROCESO ELECTORAL _94761 |
||
| 650 |
_aTAMINANGO, NARINO (COLOMBIA) _933349 |
||
| 650 |
_aTECNOLOGÍA EN ADMINISTRACIÓN MUNICIPAL _932811 |
||
| 942 | _cTESIS | ||
| 999 |
_c26366 _d26366 |
||